Production and Operations Management (Record no. 1049)

MARC details
000 -LEADER
fixed length control field 00413nam a22001697a 4500
005 - DATE AND TIME OF LATEST TRANSACTION
control field 20160518170229.0
008 - FIXED-LENGTH DATA ELEMENTS--GENERAL INFORMATION
fixed length control field 160518b xxu||||| |||| 00| 0 eng d
020 ## - INTERNATIONAL STANDARD BOOK NUMBER
ISBN 9971-51-260-2
041 ## - LANGUAGE CODE
Language code of text/sound track or separate title eng
082 ## - DEWEY DECIMAL CLASSIFICATION NUMBER
Item number 3061
100 ## - MAIN ENTRY--AUTHOR NAME
Personal name Martinich Joseph. S
245 ## - TITLE STATEMENT
Title Production and Operations Management
260 ## - PUBLICATION, DISTRIBUTION, ETC. (IMPRINT)
Name of publisher John willey & sons
Year of publication 1997
300 ## - PHYSICAL DESCRIPTION
Number of Pages 876
650 ## - SUBJECT ADDED ENTRY--TOPICAL TERM
Topical Term Management
942 ## - ADDED ENTRY ELEMENTS (KOHA)
Koha item type Books
Holdings
Lost status Damaged status Collection code Home library Current library Shelving location Date acquired Full call number Accession Number Koha item type
    MANAGEMENT JRU Library JRU Library SHELF-76-M 18/05/2016 658.5 3061 Books
    MANAGEMENT JRU Library JRU Library SHELF- 68 D 18/05/2016 3061 3062 Books
    Reference JRU Library   SHELF-57-E 18/05/2016 3061 3063 Books
    MANAGEMENT JRU Library JRU Library SHELF- 68 D 18/05/2016 3061 3064 Books
    MANAGEMENT JRU Library JRU Library SHELF- 68 D 18/05/2016 3061 3065 Books
    MANAGEMENT JRU Library JRU Library SHELF- 68 D 18/05/2016 3061 3066 Books
    MANAGEMENT JRU Library JRU Library SHELF- 68 D 18/05/2016 3061 3067 Books
    MANAGEMENT JRU Library JRU Library SHELF- 68 D 18/05/2016 3061 3068 Books
    MANAGEMENT JRU Library JRU Library SHELF- 68 D 18/05/2016 3061 3069 Books
    MANAGEMENT JRU Library JRU Library SHELF- 68 D 18/05/2016 3061 3070 Books
    MANAGEMENT JRU Library JRU Library SHELF- 68 D 18/05/2016 3061 3071 Books
    MANAGEMENT JRU Library JRU Library SHELF- 68 D 18/05/2016 3061 3072 Books